000 00437nam a2200193Ia 4500
003 OSt
005 20251125151824.0
008 250729s1931 xx 000 0 und d
020 _a978-1666774054
040 _cAL
041 _aeng
082 _a900 WILM
100 _aWilson T Arnold
_9224843
245 _aMesapotomia (1917-1920)
260 _aLondon
_c1931
300 _a420p
650 _aHistory
_9224844
942 _2ddc
_cBED
999 _c236616
_d236616